| Поле | Название | Значение |
| |
Тип записи |
a |
| |
Библиографический уровень |
m |
| 001 |
Контрольный номер |
2d6fb6cacb304df1974728800a0d5094 |
| 005 |
Дата корректировки |
20140605120109.9 |
| 010 |
Индекс ISBN |
__ |
| a |
ISBN |
978-5-94735-118-7 |
| 200 |
Заглавие и сведения об ответственности |
1_ |
| a |
Заглавие |
Организация, нормирование и оплата труда |
| e |
Сведения, относящиеся к заглавию |
учеб. пособие |
| f |
Первые сведения об ответственности |
А. С. Головачев [и др.] ; ред. А. С. Головачев |
| 205 |
Сведения об издании |
__ |
| a |
Основные сведения об издании |
3-е изд., испр. |
| 210 |
Выходные данные |
1_ |
| d |
Дата издания |
2007 |
| c |
Издательство |
Новое знание |
| a |
Место издания |
Москва |
| 215 |
Физическое описание |
__ |
| a |
Объем |
602, [1] с. |
| 225 |
Серия |
2_ |
| a |
Серия |
Экономическое образование |
| 610 |
Ключевые слова |
0_ |
| a |
Ключевые слова |
экономика труда |
| 610 |
Ключевые слова |
0_ |
| a |
Ключевые слова |
разделение труда |
| 610 |
Ключевые слова |
0_ |
| a |
Ключевые слова |
кооперация труда |
| 610 |
Ключевые слова |
0_ |
| a |
Ключевые слова |
рабочие места |
| 610 |
Ключевые слова |
0_ |
| a |
Ключевые слова |
оплата труда |
| 610 |
Ключевые слова |
0_ |
| a |
Ключевые слова |
организация труда |
| 610 |
Ключевые слова |
0_ |
| a |
Ключевые слова |
нормирование труда |
| 610 |
Ключевые слова |
0_ |
| a |
Ключевые слова |
рынок труда |
| 610 |
Ключевые слова |
0_ |
| a |
Ключевые слова |
занятость населения |
| 610 |
Ключевые слова |
0_ |
| a |
Ключевые слова |
рынок труда |
| 686 |
Индексы других классификаций |
__ |
| a |
Классификационный индекс |
65.9(2)245я73 |
| 2 |
Код системы |
rubbk |
| 701 |
Альтернативная интеллектуальная ответственность |
_1 |
| a |
Фамилия |
Головачев |
| b |
Имя |
А. С. |
| 701 |
Альтернативная интеллектуальная ответственность |
_1 |
| a |
Фамилия |
Березина |
| b |
Имя |
Н. С. |
| 701 |
Альтернативная интеллектуальная ответственность |
_1 |
| a |
Фамилия |
Бокун |
| b |
Имя |
Н. Ч. |
| 701 |
Альтернативная интеллектуальная ответственность |
_1 |
| a |
Фамилия |
Леутина |
| b |
Имя |
Л. И. |
| 702 |
Вторичная интеллектуальная ответственность |
_1 |
| u |
|
2 |
| a |
Фамилия |
Головачев |
| b |
Имя |
А. С. |
| 4 |
Код отношения |
340 |
| 801 |
Источник записи |
_0 |
| a |
Страна |
RU |
| b |
Организация |
РУК |
| c |
Дата составления |
20071203 |
| g |
Правила каталогизации |
PSBO |
| 801 |
Источник записи |
_1 |
| a |
Страна |
RU |
| b |
Организация |
РУК |
| c |
Дата составления |
20071203 |
| g |
Правила каталогизации |
PSBO |
| 852 |
Данные о местонахождении |
__ |
| j |
Шифр хранения |
ББК 65.9(2)24 |
| i |
Авторский знак |
О-64 |
| 901 |
Тип документа |
__ |
| t |
Тип документа |
m |
| 938 |
Служебная информация |
__ |
| a |
Название организации |
Головной вуз |
| b |
Имя БД |
BOOK |
| c |
Название АИБС |
АИБС ИРБИС |